00453pam a2200157 a 4500020001500000020002200015040000800037082002600045100001900071245007300090260003000163300003200193650001900225650002500244650002600269 a0471575836 a0471575828 (pbk.) cDLC a650 WIL 1993 A050 Or.1 aGermer, Jerry,10aCountry careers :bsuccessful ways to live and work in the country / aNew York :bWiley,cc1993 axi, 274 p. :bmaps ;c24 cm 0aCareer changes 0aQuality of work life 0aUrban-rural migration